000 00516nmm a2200181Ia 4500
008 251105s9999||||xx |||||||||||||||||und||
041 _aspa
100 _aJeffries, Sabrina
245 0 _aComplacer al príncipe
264 _a[Madrid, España] :
_bTerciopelo,
_c2013
300 _a334 páginas
490 _aLa hermandad de los bastardos
650 _aRomance
700 _aJeffries, Sabrina
700 1 _a Rabascall García, Iolanda
856 _uhttps://public.digitaliapublishing.com/a/32321
942 _cCF
999 _c67234
_d67234